| Tag |
First Indicator |
Second Indicator |
Subfields |
| LEADER |
00000cam a2200000 a 4500 |
| 001 |
in00002783982 |
| 005 |
20151202172115.0 |
| 008 |
121001s2011 it b 001 0 ita d |
| 020 |
|
|
|a 9788877968081
|
| 020 |
|
|
|a 8877968087
|
| 035 |
|
|
|a (OCoLC)ocn811589240
|
| 040 |
|
|
|a C3L
|c C3L
|d CGU
|d CUS
|d TXA
|d UtOrBLW
|
| 043 |
|
|
|a e-it---
|
| 049 |
|
|
|a TXAM
|
| 082 |
0 |
|
|a 850
|2 21
|
| 090 |
|
|
|a PQ4083
|b .M56 2011
|
| 100 |
1 |
|
|a Mineo, Nicolò.
|
| 245 |
1 |
0 |
|a Cultura e illuminismo :
|b la letteratura nell'Italia del Settecento /
|c Nicolò Mineo.
|
| 264 |
|
1 |
|a Acireale (Catania) :
|b Bonanno,
|c [2011]
|
| 264 |
|
4 |
|c ©2011
|
| 300 |
|
|
|a 2 volumes (797 pages) ;
|c 21 cm.
|
| 336 |
|
|
|a text
|b txt
|2 rdacontent
|
| 337 |
|
|
|a unmediated
|b n
|2 rdamedia
|
| 338 |
|
|
|a volume
|b nc
|2 rdacarrier
|
| 490 |
1 |
|
|a Occasioni critiche ;
|v 11
|
| 504 |
|
|
|a Includes bibliographical references and index.
|
| 650 |
|
0 |
|a Italian literature
|y 18th century
|x History and criticism.
|
| 650 |
|
0 |
|a Enlightenment
|z Italy.
|
| 651 |
|
0 |
|a Italy
|x Intellectual life
|y 18th century.
|
| 830 |
|
0 |
|a Occasioni critiche ;
|v 11.
|
| 948 |
|
|
|a cataloged
|b h
|c 2012/12/17
|d c
|e dmitchel
|f 10:10:10 am
|
| 994 |
|
|
|a C0
|b TXA
|
| 999 |
|
|
|a MARS
|
| 999 |
f |
f |
|s 7ae92a09-90fa-3384-a3cc-70b89091e82d
|i 6f795c37-9f85-30dc-94b0-b8089761c71e
|t 0
|
| 952 |
f |
f |
|p normal
|a Texas A&M University
|b College Station
|c Sterling C. Evans Library
|d Evans: Library Stacks
|t 0
|e PQ4083 .M56 2011
|h Library of Congress classification
|i unmediated -- volume
|k t.1
|m A14838075167
|
| 952 |
f |
f |
|p normal
|a Texas A&M University
|b College Station
|c Sterling C. Evans Library
|d Evans: Library Stacks
|t 0
|e PQ4083 .M56 2011
|h Library of Congress classification
|i unmediated -- volume
|k t.2
|m A14838075206
|
| 998 |
f |
f |
|a PQ4083 .M56 2011
|s t.1-2
|t 0
|l Evans: Library Stacks
|